| 000 | 00768cam a2200169 i 4500 | ||
|---|---|---|---|
| 005 | 20251203103504.0 | ||
| 008 | 250721s2000 ua gr 000 0 ara d | ||
| 082 | 1 | 4 |
_a214.2 _bج ي ل |
| 100 | 1 |
_aالجيلي، عبد الكريم بن ابراهيم _d-805ه. _eمؤلف. |
|
| 245 | 1 | 2 |
_aالإنسان الكامل : _bفي معرفة الأواخر و الأوائل / _cتاليف الشيخ عبدالكريم بن ابراهيم الجيلي ؛ تصحيح وتعليق فاتن محمد خليل اللبون فولادكار. |
| 264 | 3 | 1 |
_aبيروت : _bمؤسسة التاريخ العربي، _c2000. |
| 300 | _a277صفحه. | ||
| 650 | 1 | 7 | _aالعقيدة الدينية. |
| 650 | 1 | 7 | _aالإلهيات. |
| 942 |
_2ddc _cBK |
||
| 999 |
_c40538 _d40538 |
||